Miasta kończące się na L według podpowiedzi - Statystyki

Ogólne statystyki
  • Ten quiz został rozwiązany 915 razy
  • Średni wynik to 7 z 20
Statystyki odpowiedzi
Wskazówka Miasto % Poprawnych
Pochodzi stamtąd zespół The Beatles Liverpool
92%
W języku ojczystym nazywa się "서울" Seul
65%
Miasto na prawach powiatu położone w woj. podkarpackim, graniczące z Ukrainą Przemyśl
60%
Północnoamerykańskie miasto, które gościło Igrzyska Olimpijskie w 1976 r. Montreal
53%
Największe miasto na Półwyspie Krymskim Sewastopol
53%
Stolica narodowa położona w górach Hindukusz Kabul
45%
Polskie miasto położone w województwie kujawsko-pomorskim, w powiecie włocławskim, w gminie o tej samej nazwie, a także popularne nazwisko Kowal
42%
Znajduje się tam największy port Cypru, także największe cypryjskie miasto położone na południowym wybrzeżu Limassol
42%
Stolica Gambii Bandżul
41%
Największe miasto na wyspie Madera Funchal
36%
Portowe miasto w południowo-zachodniej Anglii przy ujściu rzeki Avon Bristol
25%
Najbardziej zaludnione miasto Ekwadoru Guayaquil
21%
Stolica stanu Minnesota Saint Paul
15%
Drugie największe miasto Kataru, gościło także finał mundialu w 2022 r. Lusajl
14%
Leży na zachodnim brzegu Tygrysu, naprzeciw starożytnego asyryjskiego miasta Niniwa Mosul
14%
Brazylijskie miasto położone najbliżej Afryki Natal
14%
Indyjskie miasto, które było miejscem najgorszej katastrofy chemicznej w historii *wydarzyło się to w 1984 r. Bhopal
13%
Trzecie największe miasto niemieckiego landu Hesja Kassel
13%
Miasto w północno-wschodnich Indiach, drugie największe miasto w Zachodnim Bengalu, po Kalkucie Asansol
7%
Miasto w USA leżące nad Zatoką Meksykańską, a także 6. największe miasto Florydy Cape Coral
7%
Nie znaleziono quizów pasujących do podanych kryteriów
Rozkład punktacji
Procent ludzi z każdym wynikiem
Percentyl według liczby udzielonych odpowiedzi
Twoja historia wyników
Nie rozwiązałeś tego quizu